Особенности адаптации крыс к хроническому холодовому воздействию; Доклады Академии наук; Т. 470, № 1

書誌詳細
Parent link:Доклады Академии наук: журнал/ Российская академия наук (РАН).— , 1992-
Т. 470, № 1.— 2016.— [С. 117-119]
共著者: Национальный исследовательский Томский политехнический университет Институт природных ресурсов Кафедра экономики природных ресурсов, Национальный исследовательский Томский политехнический университет Физико-технический институт Лаборатория радиационного контроля № 31
その他の著者: Цибульников С. Ю. Сергей Юрьевич, Маслов Л. Н. Леонид Николаевич, Нарыжная Н. В. Наталия Владимировна, Иванов В. В. Владимир Владимирович, Лишманов Ю. Б. Юрий Борисович
要約:Заглавие с экрана
Режим доступа: по договору с организацией-держателем ресурса
言語:ロシア語
出版事項: 2016
シリーズ:Физиология
主題:
オンライン・アクセス:http://dx.doi.org/10.7868/S0869565216250289
フォーマット: 電子媒体 図書の章
KOHA link:https://koha.lib.tpu.ru/cgi-bin/koha/opac-detail.pl?biblionumber=652226

MARC

LEADER 00000naa0a2200000 4500
001 652226
005 20250327153335.0
035 |a (RuTPU)RU\TPU\network\17489 
090 |a 652226 
100 |a 20161206d2016 k||y0rusy50 ca 
101 0 |a rus 
102 |a RU 
135 |a drcn ---uucaa 
181 0 |a i  
182 0 |a b 
200 1 |a Особенности адаптации крыс к хроническому холодовому воздействию  |f С. Ю. Цибульников [и др.] 
203 |a Текст  |c электронный 
225 1 |a Физиология 
300 |a Заглавие с экрана 
320 |a [Библиогр.: 15 назв.] 
333 |a Режим доступа: по договору с организацией-держателем ресурса 
461 |t Доклады Академии наук  |o журнал  |f Российская академия наук (РАН)  |d 1992- 
463 |t Т. 470, № 1  |v [С. 117-119]  |d 2016 
610 1 |a труды учёных ТПУ 
610 1 |a электронный ресурс 
610 1 |a холод 
610 1 |a воздействия 
610 1 |a адаптация 
701 1 |a Цибульников  |b С. Ю.  |c специалист в области медицинских технологий  |c старший преподаватель Томского политехнического университета, кандидат медицинских наук  |f 1986-  |g Сергей Юрьевич  |3 (RuTPU)RU\TPU\pers\33064  |9 16898 
701 1 |a Маслов  |b Л. Н.  |g Леонид Николаевич 
701 1 |a Нарыжная  |b Н. В.  |g Наталия Владимировна 
701 1 |a Иванов  |b В. В.  |g Владимир Владимирович 
701 1 |a Лишманов  |b Ю. Б.  |c специалист в области медицинских технологий  |c ведущий инженер Томского политехнического университета, доктор медицинских наук  |f 1951-  |g Юрий Борисович  |3 (RuTPU)RU\TPU\pers\33120  |9 16942 
712 0 2 |a Национальный исследовательский Томский политехнический университет  |b Институт природных ресурсов  |b Кафедра экономики природных ресурсов  |3 (RuTPU)RU\TPU\col\18668  |9 27121 
712 0 2 |a Национальный исследовательский Томский политехнический университет  |b Физико-технический институт  |b Лаборатория радиационного контроля № 31  |3 (RuTPU)RU\TPU\col\19161  |9 27383 
801 2 |a RU  |b 63413507  |c 20161206  |g RCR 
856 4 |u http://dx.doi.org/10.7868/S0869565216250289 
942 |c CF